| 000 | 00985nam a22003497a 4500 | ||
|---|---|---|---|
| 001 | BR8403553 | ||
| 003 | BR-BrBNA | ||
| 005 | 20230928091954.0 | ||
| 007 | ta | ||
| 008 | 230509b bl.||||| |||| 00| 0 por d | ||
| 040 |
_aBR-BrBNA _bpor _cBiblioteca Nacional de Agricultura |
||
| 041 | _a(Por) | ||
| 072 |
_aF00 _b0430 _b0150 _b1410 _b0336 _b0120 _b/G514 |
||
| 090 | _ 0430 BR8403553 | ||
| 110 | 1 | _aCompanhia de Financiamento da Producao, Brasilia, DF (Brasil) | |
| 245 | 1 | _aNovembro agricola. 1. Levantamento de intencao de plantio, regiao Centro-Sul, safra 1984/85 [Brasil] | |
| 260 | 3 |
_aBrasilia, DF (Brasil): _c1984. |
|
| 300 | _a28 p. | ||
| 500 | _a16 illus. | ||
| 650 | _aALGODAO | ||
| 650 | _aARROZ | ||
| 650 | _aFEIJAO | ||
| 650 | _aSOJA | ||
| 650 | _aMILHO | ||
| 650 | _aSAFRA | ||
| 650 | _aPRECIPITACAO PLUVIAL | ||
| 650 | _aPLANTIO | ||
| 650 | _aPREVISAO DE SAFRA | ||
| 650 | _aREGIAO CENTRO-SUL | ||
| 909 |
_a202309 _bLucia _c55 _dLucia Elande |
||
| 942 | _cBK | ||
| 999 |
_c36479 _d36479 |
||